| 000 | 01696nac a22002897a 4500 | ||
|---|---|---|---|
| 003 | Co-PeBPM | ||
| 005 | 20240608235617.0 | ||
| 007 | ta | ||
| 008 | 240608s2000 ck |||| |||| 00| 0 spa d | ||
| 020 | _a8493141828 | ||
| 040 |
_aCo-PeBPM _bspa _cCo-PeBPM _erda |
||
| 082 | 0 | 4 |
_a891.863 V671e _222 |
| 100 | 1 |
_aViewegh, Michal _eautor |
|
| 245 | 1 | 0 |
_aLa educación de las chicas en Bohemia _c/ Michal Viewegh; traducción del checo Fernando de Valenzuela |
| 250 | _aPrimera edición | ||
| 260 |
_aMadrid, España _b: Metáfora Ediciones, _c2000 |
||
| 300 |
_a244 páginas _c21 centímetros |
||
| 490 |
_aMetáfora _v3 |
||
| 500 | _aContiene datos biográficos del autor en la solapa del texto | ||
| 520 | _aEs la novela checa de los 90 de mayor éxito en su país. Narra las tribulaciones personales de Beata Kralova, hija veinteañera de un nuevo rico mafioso de Praga, desde la perspectiva de un profesor de escritura creativa, contratado por su padre con el curioso propósito de hacerla salir de una crisis amorosa. Con un humor corrosivo, el autor narra las diferentes aventuras amorosas de la protagonista (trasu,nto de la joven democracia checa) y sus esfuerzos denodados por adoptarse a diversos elementos que el nuevo orden democrático-capitalista ha traído al país, entre otros las mafias millonarias, los cambios pedagógicos, el feminismo, la ecología, las nuevas religiones o los cambios en los hábitos sexuales. | ||
| 650 | 1 | 0 |
_a Arte de escribir - Novela _2Lemb |
| 650 | 1 | 0 |
_aDepresión mental - Novela _2Lemb |
| 650 | 1 | 0 |
_aNovela checoslovaca _2Lemb |
| 700 |
_aValenzuela, Fernando _etraducción |
||
| 942 |
_2ddc _cBK _n0 |
||
| 999 |
_c26956 _d26956 |
||